Представление документа в формате RUSMARC

ПолеНазваниеЗначение
  Тип записи a
  Библиографический уровень m
001 Контрольный номер UONB/MAIN/414b8352c02f43c08e395c0d0d69a75f
005 Дата корректировки 20250520125507.4
010 Индекс ISBN __
d Цена 7 р. 70 к.
9 Тираж 50000 экз.
b Уточнения в пер.
100 Данные общей обработки __
a Данные общей обработки 20230117d1955 u y0rusy0189## ca
101 Язык документа 0_
a Язык текста rus
102 Страна публикации __
a Страна публикации RU
105 Кодированные данные (монография) __
a Кодированные данные (монография) a z 000yy
200 Заглавие и сведения об ответственности 1_
a Заглавие Стихотворения
f Первые сведения об ответственности И.С. Тургенев
g Последующие сведения об ответственности вступ. ст. и примеч. Н. Пруцкова
210 Выходные данные 1_
a Место издания Москва
c Издательство Современник
d Дата издания 1955
215 Физическое описание __
a Объем 303 с.
d Формат 22 см
225 Серия 2_
a Серия Библиотека поэта
i Наименование части Малая серия
320 Библиография __
a Библиография Библиогр.: с. 431
606 Тематические рубрики 0_
a Основная рубрика Стихи (х. л.)
z Хронологическая подрубрика 19 в.
610 Ключевые слова 0_
a Ключевые слова стихи русские
686 Индексы других классификаций __
a Классификационный индекс 84Р1
2 Код системы rubbk
700 Автор _1
a Фамилия Тургенев
b Имя (инициалы) И.С.
g Полное личное имя Иван Сергеевич
702 Вторичная интеллектуальная ответственность _1
a Фамилия Пруцков
b Имя (инициалы) Н.
4 Код отношения 080
801 Источник записи _0
a Страна RU
b Организация Ульяновская ОНБ
c Дата составления 20230117
g Правила каталогизации RCR
801 Источник записи _1
a Страна RU
b Организация Ульяновская ОНБ
c Дата составления 20230117
g Правила каталогизации RCR
901 Тип документа __
t Тип документа m
909 Создатель записи __
a Создатель записи Долгова
b Дата создания записи 20230117